000 00317 a2200157 4500
001 164213
020 _a
040 _cMagnum
100 _aCrozat, Francois
240 1 0 _aEu sou um macaquinho
_lpor
245 1 0 _aEu sou um macaquinho
362 0 _a1899
440 1 _aNobel
697 _aI/ANIMAIS
942 _cBK
999 _c164213
_d164213